|
|
|
|
| LEADER |
00000nab a2200000 a 4500 |
| 001 |
vtls000636700 |
| 003 |
SK-MaSNL |
| 005 |
20260304084956.0 |
| 008 |
250425c1997 xo 0 slo |
| 015 |
|
|
|a SNBRB19rr/mm-uuuuu
|
| 035 |
|
|
|a CL0636839
|
| 035 |
|
|
|a urn:nbn:sk:snk-ab205w
|
| 035 |
|
|
|a (urnnbn)urn:nbn:sk:snk:ar-a01cm2
|
| 035 |
|
|
|a (uuid)bd0743ed-b1c9-40b2-8c47-242f27c56bb7
|
| 040 |
|
|
|a SNKBUCL
|b slo
|c SNKBUCL
|e AACR2
|
| 041 |
0 |
|
|a slo
|
| 044 |
|
|
|a xo
|c SK
|
| 080 |
|
|
|a 78.071.2:786.2
|2 1981
|
| 080 |
|
|
|a 786.2
|2 1981
|
| 080 |
|
|
|a 929 Richter, Svjatoslav Teofilovič
|2 1981
|
| 100 |
1 |
|
|a Jurík, Marián,
|d 1933-1999
|4 aut
|9 114076
|
| 245 |
1 |
0 |
|a Sviatoslav Richter
|b 20.3.1915 - 1.8.1997
|c Marián Jurík
|
| 300 |
|
|
|b Fotogr. 1
|
| 600 |
1 |
7 |
|a Richter, Sviatoslav,
|d 1915-1997
|2 snkbucl
|9 232070
|
| 655 |
|
7 |
|a nekrológy
|2 snkbucl
|9 402542
|
| 655 |
|
7 |
|a články z novín a časopisov
|2 snkbucl
|9 267496
|
| 773 |
0 |
|
|t Hudobný život '97
|g Roč. 29, č. 16 (1997), s. 9
|
| 850 |
|
|
|a Slovenská národná knižnica
|
| 852 |
|
|
|a Slovenská národná knižnica
|
| 954 |
|
|
|a odborná, vedecká literatúra pôvodná (slovenská)
|2 lita
|
| 958 |
|
|
|a article27
|
| 958 |
|
|
|a OND
|
| 958 |
|
|
|a BC
|
| 958 |
|
|
|a RK
|
| 958 |
|
|
|a EUIPO
|
| 992 |
|
|
|a RBX
|
| 999 |
|
|
|c 2805878
|d 2807808
|